000
00291nam a2200121Ia 4500
008
190216s9999||||xx |||||||||||||| ||und||
100
_a
Tonykillick
245
0
_a
Adjustment And Financing In The Development World
260
_b
Imf
_c
1982
300
_a
232p
650
_a
Commerce
942
_c
BK
999
_c
4951
_d
4951